Trouvez les paroles #2 - Statistiques

Statistiques générales
  • Ce quiz a été pris 4 304 fois
    4 275 depuis la dernière actualisation
  • Le résultat moyen est 149 sur 200
Statistiques - réponses
Paroles % Correct
À
97%
A
97%
La
95%
Au
91%
Je
91%
Le
90%
Ou
90%
Ce
89%
Il
88%
Champs-Elysées
87%
Me
87%
Aux
85%
De
84%
Et
82%
Midi
82%
Minuit
82%
Que
82%
Vous
82%
Sous
81%
Sur
81%
Pluie
80%
Qui
80%
Soleil
80%
Tout
80%
Y
80%
Voulez
79%
Coeur
78%
L'avenue
78%
Toi
78%
Baladais
77%
L'inconnu
76%
N'importe
76%
Ouvert
76%
Quoi
76%
Par
75%
Te
75%
Fut
74%
Pour
74%
Dit
73%
Dire
71%
T'ai
71%
Bonjour
70%
Envie
69%
J'avais
68%
Parler
67%
T'apprivoiser
66%
Suffisait
65%
Dans
64%
Un
64%
Des
63%
On
63%
Tu
63%
Du
62%
Matin
60%
Pas
60%
Soir
59%
Avec
56%
Chanté
55%
J'ai
55%
Dansé
54%
Main
54%
Même
54%
Pensé
54%
M'as
53%
S'embrasser
53%
Fous
52%
Guitare
51%
Rendez-vous
51%
N'a
47%
Sous-sol
47%
Alors
45%
Les
43%
L'on
43%
Nuit
41%
Accompagnée
40%
Vivent
40%
Deux
37%
Amoureux
36%
Hier
36%
Concorde
35%
Inconnus
35%
Jour
35%
Tous
35%
Longue
33%
Étourdis
32%
Chantent
31%
Cordes
31%
Mille
31%
L'amour
30%
Orchestre
30%
L'étoile
28%
Oiseaux
25%
Point
18%
Aucun quiz correspondant
Distribution des résultats
% des personnes avec chaque résultat
Percentile par nombre de réponses
Votre historique - résultats
Vous n’avez pas pris ce quiz depuis la dernière actualisation